000 00485nam a2200181 a 4500
001 BRCA_2770
005 20190320203948.0
008 051208s1962----nyua---###---#000-0#eng-u
050 4 _aD530
_b.T83 1962
100 1 _aTuchman, Barbara (Wertheim)
_97796
245 1 0 _aThe guns of August
_cBarbara W. Tuchman.
260 _aNew York
_bMacmillan
_c1962
300 _a511 p.
_bil.
_c24 cm.
500 _aAA87
650 1 4 _aGuerra Europea, 1914-1918
_97797
902 _aGFM
942 _2lcc
_cB
999 _c2510
_d2510